00330nam a22001457a 4500003000500000020001800005038001200023082001700035100001400052245006000066250000800126260003400134300000900168563000700177NUST a9780128199701 akhadija a621.472bCON aLovegrove aConcentrating Solar Power Technology /cKeith Lovegrove a2nd aU.KbWoodhead Publisherc2021 ap778 aHB